| 000 | 01088cam a22003377a 4500 | ||
|---|---|---|---|
| 003 | CHAP | ||
| 005 | 20220817043742.0 | ||
| 008 | 010207d1998 uk a r 00110 eng d | ||
| 010 | _a83444 | ||
| 011 | _a84416 | ||
| 020 | _a0 521 59003 5 | ||
| 035 | _a94936 | ||
| 040 | _cCHAP | ||
| 082 | 0 | 4 |
_a333.0973 _bY6 |
| 100 | 0 | 0 |
_aYoung, Anthony. _9123203 |
| 245 | 1 | 0 |
_aLand resources : _bnow and for the future _c/by Anthony Young |
| 260 |
_aCambridge, U.K. : _bCambridge University Press, _c1998. |
||
| 300 |
_a319 p. : _bilus. |
||
| 590 |
_aBATCH-UPD _b10 _c20130110 _lUCH01 _h1008 |
||
| 590 |
_aBATCH-UPD _b10 _c20130410 _lUCH01 _h0617 |
||
| 590 |
_aBATCH-UPD _b10 _c20130913 _lUCH01 _h2222 |
||
| 590 |
_aCONVERSION _b10 _c20130109 _lUCH01 _h1346 |
||
| 650 | 1 | 4 | _aAgricultura sustentable. |
| 650 | 1 | 4 | _aDesarrollo sustentable. |
| 650 | 1 | 4 |
_aRecursos naturales _xConservación. |
| 650 | 1 | 4 |
_aTierras _xAprovechamiento. _9113069 |
| 901 | _aBK | ||
| 905 | _aMayto Villalobos S. | ||
| 942 | _cLIBRO | ||
| 949 |
_a333.0973 Y6 _bBC _cLIBRO _d33724000816757 _eLIBRO _gI.208885 _h99596 _i94936 _si _t$432.00 |
||
| 999 |
_c83444 _d83444 |
||